000
00221nam a22000857a 4500
008
161013b xxu||||| |||| 00| 0 eng d
100
_9
821
_a
Monsingh.R.
245
_a
Kid's Strategies
260
_a
Chennai
_b
Kids publications
_c
2007
999
_c
3475
_d
3475